[Event "IX Weekend A"]
[Site "Catania ITA"]
[Date "2005.02.20"]
[Round "6"]
[White "Leonardi, Alfio"]
[Black "Tricomi, Massimo"]
[Result "1-0"]
[WhiteElo "1816"]
[BlackElo "1953"]
[PlyCount "95"]
[EventDate "2005.02.12"]

1. e4 e6 2. d4 d5 3. exd5 exd5 4. Nf3 Nf6 5. Bd3 Bd6 6. O-O O-O 7. Re1 Re8 8.
Bg5 Nbd7 9. Nbd2 a6 10. c3 b5 11. Qc2 Bb7 12. Rxe8+ Qxe8 13. Re1 Qf8 14. Ne5 h6
15. Bh4 Re8 16. Ndf3 Bxe5 17. Nxe5 Nxe5 18. dxe5 Ne4 19. f4 g5 20. Bxe4 dxe4
21. Bg3 f6 22. Qf2 gxf4 23. Bxf4 fxe5 24. Qg3+ Qg7 25. Bxh6 Qxg3 26. hxg3 Re6
27. Be3 Rd6 28. Kf2 Kg7 29. Rh1 Bd5 30. a3 Bf7 31. g4 Rf6+ 32. Ke2 Bc4+ 33. Kd2
Bf1 34. g5 Rd6+ 35. Ke1 Bxg2 36. Rh6 Bf3 37. Rxd6 cxd6 38. Kd2 Kg6 39. Ke1 d5
40. Kd2 d4 41. cxd4 exd4 42. Bxd4 Kxg5 43. Ke3 Kf5 44. Bg7 Ke6 45. Bc3 Kd5 46.
Bg7 Kc4 47. Bf6 Be2 48. Kxe2 1-0

[Event "IX Weekend A"]
[Site "Catania ITA"]
[Date "2005.02.20"]
[Round "6"]
[White "Rosolia, Giuseppe"]
[Black "Tomaselli, Maurizio"]
[Result "0-1"]
[WhiteElo "1846"]
[BlackElo "2052"]
[PlyCount "62"]
[EventDate "2005.02.12"]

1. e4 e5 2. Nf3 Nc6 3. d3 Bc5 4. Be2 Nf6 5. h3 d6 6. Nbd2 a5 7. c3 h6 8. Qc2 a4
9. Nf1 d5 10. Ng3 Be6 11. Be3 Bxe3 12. fxe3 g6 13. exd5 Nxd5 14. Kf2 f5 15. e4
Nf4 16. Rad1 Qf6 17. b4 axb3 18. axb3 O-O 19. d4 exd4 20. cxd4 Nxe2 21. Nxe2
fxe4 22. Qxe4 Bxb3 23. Rb1 Rae8 24. Qd3 Bd5 25. Rxb7 Nxd4 26. Nexd4 Bxb7 27.
Qb3+ Kh8 28. Qxb7 Qxd4+ 29. Kg3 Qf4+ 30. Kf2 Rb8 31. Qc6 Rb2+ 0-1

[Event "IX Weekend A"]
[Site "Catania ITA"]
[Date "2005.02.20"]
[Round "6"]
[White "Russo, Carmelo"]
[Black "Meli, Massimo"]
[Result "0-1"]
[WhiteElo "1767"]
[BlackElo "1907"]
[PlyCount "71"]
[EventDate "2005.02.12"]

1. Nf3 d5 2. b3 Nc6 3. Bb2 Bg4 4. Ne5 Nxe5 5. Bxe5 f6 6. Bg3 e5 7. f3 Be6 8. e4
d4 9. Bb5+ c6 10. Bd3 Bd6 11. a4 Qe7 12. Qc1 Nh6 13. Na3 f5 14. Nc4 f4 15.
Nxd6+ Qxd6 16. Bh4 Nf7 17. Qa3 Qc7 18. a5 g5 19. Bf2 a6 20. Qc5 h5 21. h4 g4
22. fxg4 Bxg4 23. Bc4 Nd8 24. c3 d3 25. Bxd3 Ne6 26. Qb6 Qd7 27. Be2 Bxe2 28.
Kxe2 Rd8 29. d4 exd4 30. cxd4 Qg7 31. d5 f3+ 32. gxf3 Nf4+ 33. Ke3 Nxd5+ 34.
exd5 Rxd5 35. f4 Qc3+ 36. Ke4 0-1

[Event "IX Weekend A"]
[Site "Catania ITA"]
[Date "2005.02.20"]
[Round "6"]
[White "Seminara, Antonio"]
[Black "Sileci, Salvatore"]
[Result "0-1"]
[WhiteElo "1884"]
[BlackElo "1844"]
[PlyCount "47"]
[EventDate "2005.02.12"]

1. d4 d5 2. Bg5 Nd7 3. e3 Ngf6 4. c3 c6 5. Nd2 e5 6. Be2 Be7 7. Nh3 O-O 8. O-O
Re8 9. f4 exd4 10. exd4 h6 11. Bh4 Ne4 12. Nxe4 dxe4 13. Bf2 Nf6 14. Kh1 Bxh3
15. gxh3 Nd5 16. Qd2 Bd6 17. Be3 Qh4 18. Bg4 h5 19. Rg1 hxg4 20. hxg4 Nxe3 21.
Qxe3 g5 22. Qg3 Qxg3 23. Rxg3 Bxf4 24. Rgg1 0-1

[Event "V Open Alta Padovana A"]
[Site "Loreggia ITA"]
[Date "2005.02.25"]
[Round "1"]
[White "Annoni, Riccardo"]
[Black "Padovan, Remo"]
[Result "0-1"]
[WhiteElo "2071"]
[BlackElo "1853"]
[PlyCount "52"]
[EventDate "2005.02.25"]

1. d4 f5 2. h3 d5 3. Nc3 Nf6 4. Bg5 e6 5. g4 Be7 6. Qd2 O-O 7. gxf5 exf5 8.
Bxf6 Bxf6 9. O-O-O c6 10. e3 Be6 11. Bd3 b5 12. Nce2 Qe7 13. Nf4 Nd7 14. Nf3
Nb6 15. Rdg1 Nc4 16. Qe2 a5 17. Ng5 Bxg5 18. Nxe6 Bxe3+ 19. fxe3 Qxe6 20. Bxc4
dxc4 21. Rg5 Ra7 22. Rhg1 Re7 23. Kd2 Rff7 24. R1g2 Qe4 25. R5g3 f4 26. Rf3
fxe3+ 0-1

[Event "V Open Alta Padovana A"]
[Site "Loreggia ITA"]
[Date "2005.02.25"]
[Round "1"]
[White "Belloni, Umberto"]
[Black "Bonafede, Alessandro"]
[Result "1-0"]
[WhiteElo "1950"]
[BlackElo "2089"]
[PlyCount "84"]
[EventDate "2005.02.25"]

1. e4 c5 2. Nf3 Nc6 3. c4 d6 4. h3 g6 5. Nc3 Bg7 6. d3 e6 7. Be3 Nge7 8. Qd2
Nd4 9. Ne2 Nxf3+ 10. gxf3 Nc6 11. h4 Qf6 12. Rb1 Ne5 13. Ng1 Qxf3 14. Rh3 Qg4
15. f3 Qh5 16. Be2 O-O 17. Qd1 f5 18. b4 f4 19. Bf2 Nc6 20. bxc5 dxc5 21. Rh2
b6 22. Kf1 Bb7 23. Kg2 Rad8 24. Nh3 h6 25. Kh1 Qe5 26. Rg2 Kh7 27. Qg1 Nb4 28.
Rxg6 Nxd3 29. Qg2 Ba6 30. Rg1 Nxf2+ 31. Nxf2 Rd7 32. Qg4 h5 33. Qxe6 Qxe6 34.
Rxe6 Bd4 35. Bd3 Bxf2 36. Rgg6 Rff7 37. Bc2 Rd2 38. Rh6+ Kg8 39. Ba4 Bd4 40.
Be8 Rg7 41. Bg6 Rb7 42. Rxh5 Bg7 1-0

[Event "V Open Alta Padovana A"]
[Site "Loreggia ITA"]
[Date "2005.02.25"]
[Round "1"]
[White "Boanta, Sandu"]
[Black "Gennari, Leone"]
[Result "1-0"]
[WhiteElo "1826"]
[BlackElo "2053"]
[PlyCount "55"]
[EventDate "2005.02.25"]

1. d4 Nf6 2. c4 g6 3. Nc3 Bg7 4. e4 d6 5. f3 O-O 6. Be3 Nbd7 7. Nge2 c5 8. d5
Ne5 9. Ng3 Qa5 10. Qd2 a6 11. Bh6 Rb8 12. Bxg7 Kxg7 13. h4 h5 14. f4 Neg4 15.
f5 Bd7 16. Be2 b5 17. Bxg4 Nxg4 18. Qg5 Nf6 19. O-O bxc4 20. e5 dxe5 21. Nce4
Nxe4 22. Nxe4 Qd8 23. g4 Rh8 24. f6+ Kf8 25. fxe7+ Qxe7 26. Qxg6 Rg8 27. Qh6+
Rg7 28. Nf6 1-0

[Event "V Open Alta Padovana A"]
[Site "Loreggia ITA"]
[Date "2005.02.25"]
[Round "1"]
[White "Cacco, Christian"]
[Black "Garofalo, Sergio"]
[Result "1-0"]
[WhiteElo "2282"]
[BlackElo "2005"]
[PlyCount "75"]
[EventDate "2005.02.25"]

1. d4 Nf6 2. Nf3 e6 3. c4 c5 4. Nc3 cxd4 5. Nxd4 Nc6 6. g3 a6 7. Bg2 Be7 8. O-O
O-O 9. b3 Qa5 10. Bb2 Rd8 11. a3 Qh5 12. e3 Qxd1 13. Rfxd1 Na5 14. Na4 Rb8 15.
c5 d5 16. cxd6 Bxd6 17. Bc3 Bc7 18. b4 Nc4 19. Rdc1 Nd5 20. Be1 b5 21. Nc6 Re8
22. Nxb8 Bxb8 23. Nc3 Bb7 24. Nxd5 exd5 25. Bc3 Bd6 26. Rd1 Be5 27. Bxe5 Rxe5
28. e4 Kf8 29. exd5 Ke8 30. a4 bxa4 31. Rd4 Nb2 32. d6 Bc8 33. Bc6+ Bd7 34.
Bxd7+ Kxd7 35. Rc1 a3 36. Ra1 a5 37. Rxa3 a4 38. Rc3 1-0

[Event "V Open Alta Padovana A"]
[Site "Loreggia ITA"]
[Date "2005.02.25"]
[Round "1"]
[White "Cedriano, Filippo"]
[Black "Busi, Massimo"]
[Result "1-0"]
[WhiteElo "2052"]
[BlackElo "1820"]
[PlyCount "75"]
[EventDate "2005.02.25"]

1. e4 e6 2. d4 d5 3. e5 c5 4. c3 b6 5. Nf3 Qd7 6. Bd3 Ba6 7. O-O Bxd3 8. Qxd3
Nc6 9. Be3 cxd4 10. cxd4 Nge7 11. Na3 Ng6 12. h4 h5 13. Rfc1 Bxa3 14. Qxa3 Nge7
15. Qd3 Rc8 16. a3 Na5 17. Rxc8+ Qxc8 18. Rc1 Qb7 19. Bd2 Nec6 20. Bxa5 Nxa5
21. Ng5 Qd7 22. Qc3 O-O 23. Qf3 g6 24. g4 Nc6 25. Rd1 Qe7 26. gxh5 f6 27. exf6
Qxf6 28. Qxf6 Rxf6 29. hxg6 Rxg6 30. Kg2 Kg7 31. Kg3 Kf6 32. Kg4 a6 33. f4 Ke7
34. h5 Rh6 35. Nf3 Kd6 36. Ne5 Nd8 37. Kg5 Rh8 38. h6 1-0

[Event "V Open Alta Padovana A"]
[Site "Loreggia ITA"]
[Date "2005.02.25"]
[Round "1"]
[White "Forato, Enrico"]
[Black "Ljubisavljevic, Zivojin Z."]
[Result "1/2-1/2"]
[WhiteElo "1993"]
[BlackElo "2281"]
[PlyCount "47"]
[EventDate "2005.02.25"]

1. e4 g6 2. d4 Bg7 3. Nc3 c5 4. Nf3 cxd4 5. Nxd4 Nc6 6. Be3 d6 7. Be2 Nf6 8.
O-O O-O 9. Nb3 Be6 10. f4 a6 11. Bf3 Rc8 12. Qe1 Bxb3 13. axb3 Nd7 14. Qf2 Nc5
15. e5 Ne6 16. Rad1 Qc7 17. exd6 exd6 18. Nd5 Qd8 19. c3 Ne7 20. Rd3 Nc5 21.
Bxc5 Rxc5 22. Rfd1 Nxd5 23. Bxd5 Qe7 24. Bf3 1/2-1/2

[Event "V Open Alta Padovana A"]
[Site "Loreggia ITA"]
[Date "2005.02.25"]
[Round "1"]
[White "Fragni, Enrico"]
[Black "Quaranta, Cristiano"]
[Result "0-1"]
[WhiteElo "1898"]
[BlackElo "2072"]
[PlyCount "66"]
[EventDate "2005.02.25"]

1. Nf3 Nf6 2. d4 g6 3. e3 Bg7 4. Nbd2 d5 5. c3 O-O 6. Bd3 b6 7. O-O Ba6 8. Qe2
Bxd3 9. Qxd3 Nbd7 10. e4 dxe4 11. Nxe4 c6 12. a4 Qc7 13. g3 Nd5 14. Be3 Rad8
15. Qe2 e5 16. dxe5 Nxe3 17. Qxe3 Nxe5 18. Nxe5 Qxe5 19. Rae1 Rfe8 20. Ng5 Qxe3
21. fxe3 f5 22. e4 Bh6 23. h4 Bxg5 24. hxg5 fxe4 25. Re3 Rd5 26. Rf4 Rxg5 27.
Kf2 Rf5 28. Kg2 Rxf4 29. gxf4 Kf7 30. Kg3 Kf6 31. Kg4 h5+ 32. Kh4 Kf5 33. Kg3
Rd8 0-1

[Event "V Open Alta Padovana A"]
[Site "Loreggia ITA"]
[Date "2005.02.25"]
[Round "1"]
[White "Molina, Fabrizio"]
[Black "Cecchetto, Vanni"]
[Result "1-0"]
[WhiteElo "2276"]
[BlackElo "1989"]
[PlyCount "51"]
[EventDate "2005.02.25"]

1. c4 Nf6 2. g3 e5 3. Bg2 d6 4. Nc3 Nc6 5. e4 Be7 6. Nge2 O-O 7. O-O Be6 8. d3
Qd7 9. Nd5 Bd8 10. f4 Bh3 11. Be3 Bxg2 12. Kxg2 Ng4 13. f5 Nxe3+ 14. Nxe3 Nd4
15. Nxd4 exd4 16. Nd5 c6 17. Nf4 Bg5 18. Qh5 Bxf4 19. Rxf4 f6 20. Rh4 h6 21.
Rg4 Kh8 22. Rf1 Qf7 23. Rg6 Kh7 24. Rf4 Qe8 25. Rh4 Rh8 26. Qxh6+ 1-0

[Event "V Open Alta Padovana A"]
[Site "Loreggia ITA"]
[Date "2005.02.25"]
[Round "1"]
[White "Mukic, Josko"]
[Black "Pircher, Karl"]
[Result "1-0"]
[WhiteElo "2340"]
[BlackElo "2012"]
[PlyCount "103"]
[EventDate "2005.02.25"]

1. f4 d5 2. Nf3 Nf6 3. e3 Bg4 4. h3 Bxf3 5. Qxf3 c6 6. g4 e6 7. b3 Ne4 8. h4
Be7 9. g5 h6 10. Bb2 hxg5 11. hxg5 Rxh1 12. Qxh1 g6 13. Qh8+ Kd7 14. Qh7 Qe8
15. Bg2 Nd6 16. Nc3 Na6 17. O-O-O Qg8 18. Rh1 Qxh7 19. Rxh7 Rg8 20. Ne2 Ke8 21.
d3 Nc5 22. Kd2 Bf8 23. Ng1 Nf5 24. e4 dxe4 25. dxe4 Ng3 26. Ke3 Bd6 27. Nh3 Nd7
28. Kf3 Nh5 29. Bf1 Nf8 30. Rh6 Ng7 31. Nf2 Nh5 32. Ng4 Nd7 33. e5 Be7 34. Nf6+
Nhxf6 35. exf6 Bc5 36. Bc3 Nb6 37. Bd2 Nd5 38. Rh7 Kf8 39. c4 Nb4 40. a3 Nc2
41. b4 Bd6 42. c5 Bb8 43. a4 Nd4+ 44. Ke4 Nf5 45. Be1 Ke8 46. b5 Rf8 47. Bc4
Kd7 48. a5 Bc7 49. Bb4 Ng3+ 50. Kf3 Nh5 51. f5 exf5 52. Bxf7 1-0

[Event "V Open Alta Padovana A"]
[Site "Loreggia ITA"]
[Date "2005.02.25"]
[Round "1"]
[White "Pojer, Romeo"]
[Black "Ricci, Alfredo"]
[Result "1-0"]
[WhiteElo "2127"]
[BlackElo "1981"]
[PlyCount "62"]
[EventDate "2005.02.25"]

1. e4 c5 2. Nf3 e6 3. d4 cxd4 4. Nxd4 a6 5. Nc3 Qc7 6. g3 Nf6 7. Bg2 d6 8. O-O
Nbd7 9. Re1 Be7 10. a4 O-O 11. h3 Rb8 12. f4 Re8 13. Kh1 Bf8 14. e5 dxe5 15.
fxe5 Nd5 16. Nxd5 exd5 17. Bf4 Nxe5 18. Nf3 f6 19. Nxe5 fxe5 20. Rxe5 Rxe5 21.
Qxd5+ Be6 22. Qxe5 Qxe5 23. Bxe5 Rd8 24. Bf4 Bd5 25. h4 h5 26. Re1 Bxg2+ 27.
Kxg2 Kf7 28. Kf3 Be7 29. Rxe7+ Kxe7 30. Bg5+ Kd7 31. Bxd8 Kxd8 1-0

[Event "V Open Alta Padovana A"]
[Site "Loreggia ITA"]
[Date "2005.02.25"]
[Round "1"]
[White "Pomaro, Alberto"]
[Black "Dallaglio, Giovanni"]
[Result "0-1"]
[WhiteElo "1757"]
[BlackElo "2028"]
[PlyCount "52"]
[EventDate "2005.02.25"]

1. d4 d5 2. c4 dxc4 3. Nc3 c6 4. e4 b5 5. Nf3 Nf6 6. Bg5 Qa5 7. Bxf6 exf6 8.
Be2 Bb4 9. Qd2 Bb7 10. O-O O-O 11. a3 Bxc3 12. bxc3 a6 13. Rfe1 Nd7 14. Nh4
Rad8 15. Qc1 Rfe8 16. Bf1 c5 17. d5 Ne5 18. Nf5 Bc8 19. Ng3 Nd3 20. Bxd3 cxd3
21. Re3 c4 22. Nh5 Kh8 23. Rg3 Rg8 24. Qd2 Qc7 25. Qe3 Qe5 26. Qf3 f5 0-1

[Event "V Open Alta Padovana A"]
[Site "Loreggia ITA"]
[Date "2005.02.25"]
[Round "1"]
[White "Renier, Renzo"]
[Black "Navarro, Stefano"]
[Result "1/2-1/2"]
[WhiteElo "1987"]
[BlackElo "2179"]
[PlyCount "86"]
[EventDate "2005.02.25"]

1. e4 e5 2. Nf3 Nc6 3. Bb5 f5 4. exf5 e4 5. Qe2 Qe7 6. Bxc6 dxc6 7. Nd4 Qe5 8.
Ne6 Bxe6 9. fxe6 Qxe6 10. d3 Nf6 11. Nc3 Bb4 12. Bd2 Bxc3 13. Bxc3 O-O-O 14.
O-O Rhe8 15. Rfe1 Qd7 16. Bxf6 exd3 17. Qxd3 Qxd3 18. Rxe8 Rxe8 19. cxd3 gxf6
20. Kf1 Kd7 21. Rc1 Kd6 22. Rc4 f5 23. Rd4+ Ke6 24. Ke2 c5 25. Rh4 Re7 26. Kd2
Ke5 27. Ra4 a6 28. Ra5 Kd5 29. Ra4 Re6 30. Rh4 Re7 31. Rh5 Ke6 32. Rh6+ Ke5 33.
g3 Rf7 34. Ke3 b6 35. Rh4 Kd5 36. Rf4 Rf6 37. Rh4 h6 38. Rf4 Re6+ 39. Kd2 Ke5
40. h3 b5 41. b3 Rd6 42. Rh4 Rf6 43. Ke3 Rd6 1/2-1/2

[Event "V Open Alta Padovana A"]
[Site "Loreggia ITA"]
[Date "2005.02.25"]
[Round "1"]
[White "Roberti, Ignazio"]
[Black "Dvirnyy, Danyyil"]
[Result "0-1"]
[WhiteElo "1975"]
[BlackElo "2098"]
[PlyCount "62"]
[EventDate "2005.02.25"]

1. e4 c5 2. Nf3 d6 3. c3 Nf6 4. Bd3 Nc6 5. h3 e5 6. Bc2 d5 7. exd5 Qxd5 8. d3
Bf5 9. Na3 O-O-O 10. O-O Bxd3 11. Bb3 c4 12. Ba4 Bxf1 13. Qxf1 Bxa3 14. bxa3 b5
15. Bc2 e4 16. Nd2 Ne5 17. Qe2 Rhe8 18. Nf1 Nd3 19. Be3 Qd7 20. a4 Nd5 21. Qh5
Re6 22. axb5 Rg6 23. Bxd3 exd3 24. Nd2 Qxb5 25. Rb1 Rxg2+ 26. Kh1 Qc6 27. Qf5+
Rd7 28. Qe4 Rg6 29. f3 Re7 30. Qf5+ Qe6 31. Qxe6+ Rgxe6 0-1

[Event "V Open Alta Padovana A"]
[Site "Loreggia ITA"]
[Date "2005.02.25"]
[Round "1"]
[White "Rostolis, Riccardo"]
[Black "Gromovs, Sergejs"]
[Result "0-1"]
[WhiteElo "2010"]
[BlackElo "2335"]
[PlyCount "87"]
[EventDate "2005.02.25"]

1. e4 c5 2. Nf3 d6 3. d4 cxd4 4. Nxd4 Nf6 5. Nc3 a6 6. Bc4 e6 7. Bb3 Nbd7 8.
Be3 Nc5 9. f3 Be7 10. Qe2 O-O 11. O-O-O Qc7 12. g4 b5 13. Qg2 b4 14. Nce2 a5
15. g5 Nfd7 16. Nb5 Qb6 17. Ned4 Ba6 18. Bc4 Rab8 19. h4 Rfc8 20. g6 hxg6 21.
h5 g5 22. Bxg5 Bxg5+ 23. Qxg5 Bxb5 24. Rdg1 Nd3+ 25. Bxd3 Qxd4 26. Bxb5 Nf8 27.
Rd1 Qc5 28. Qxc5 dxc5 29. Bc4 Rd8 30. b3 Nd7 31. Rh2 Ne5 32. Be2 Rxd1+ 33. Bxd1
Nc6 34. Kb2 Rd8 35. Rh1 Rd2 36. Kc1 Rf2 37. h6 g6 38. Rg1 Kh7 39. Rh1 Nd4 40.
Rh3 e5 41. Rh1 f6 42. Rh3 Nb5 43. Rh1 Nc3 44. Kb2 0-1

[Event "V Open Alta Padovana A"]
[Site "Loreggia ITA"]
[Date "2005.02.25"]
[Round "1"]
[White "Verducci, Gianni"]
[Black "Casciello, Dimitri"]
[Result "1-0"]
[WhiteElo "2081"]
[BlackElo "1904"]
[PlyCount "97"]
[EventDate "2005.02.25"]

1. e4 c5 2. Nc3 Nc6 3. g3 g6 4. Bg2 Bg7 5. Nge2 e6 6. O-O Nge7 7. d3 Nd4 8. f4
O-O 9. h3 d6 10. g4 f5 11. Ng3 Rb8 12. Nce2 b5 13. c3 Nxe2+ 14. Qxe2 b4 15. Bd2
Bd7 16. exf5 exf5 17. Rae1 Re8 18. gxf5 Nxf5 19. Qf3 Qf6 20. Ne4 Qf8 21. Ng5 h6
22. Qd5+ Kh8 23. Ne6 Bxe6 24. Rxe6 Rxe6 25. Qxe6 Qf6 26. Re1 bxc3 27. Bxc3 Nd4
28. Qg4 Rf8 29. Kh1 Qxf4 30. Qxf4 Rxf4 31. Re7 a5 32. Be4 g5 33. Ra7 Kg8 34.
Rxa5 Be5 35. Ra7 h5 36. Bd5+ Kf8 37. a4 g4 38. hxg4 hxg4 39. Kg2 Rf6 40. Rh7 g3
41. Bxd4 cxd4 42. Bf3 d5 43. Rh5 Bc7 44. Rxd5 Rb6 45. Rf5+ Ke7 46. Rb5 Rxb5 47.
axb5 Ke6 48. b6 Be5 49. b7 1-0

[Event "V Open Alta Padovana A"]
[Site "Loreggia ITA"]
[Date "2005.02.25"]
[Round "1"]
[White "Xia, Jie"]
[Black "Drezzadore, Dario"]
[Result "1-0"]
[WhiteElo "2097"]
[BlackElo "1963"]
[PlyCount "63"]
[EventDate "2005.02.25"]

1. e4 d5 2. exd5 Nf6 3. Bb5+ Bd7 4. Be2 Nxd5 5. d4 Nc6 6. h3 g6 7. Nf3 Bg7 8.
O-O O-O 9. c4 Nb6 10. Nc3 Bf5 11. d5 Ne5 12. Nxe5 Bxe5 13. Bh6 Re8 14. Qb3 Qc8
15. g4 c6 16. gxf5 Qxf5 17. Bg4 Qf6 18. Ne4 Qh8 19. Ng5 f5 20. Bf3 c5 21. Rab1
Bf4 22. a4 Qf6 23. h4 Qd4 24. Ne6 Bh2+ 25. Kg2 Qxh4 26. Bg5 Qxc4 27. Qxc4 Nxc4
28. Kxh2 Kf7 29. Nc7 h6 30. Bc1 Ne5 31. Be2 g5 32. Bh5+ 1-0

[Event "V Open Alta Padovana A"]
[Site "Loreggia ITA"]
[Date "2005.02.26"]
[Round "2"]
[White "Belloni, Umberto"]
[Black "Pojer, Romeo"]
[Result "0-1"]
[WhiteElo "1950"]
[BlackElo "2127"]
[PlyCount "66"]
[EventDate "2005.02.25"]

1. e4 c5 2. Nf3 d6 3. c4 e5 4. Nc3 g6 5. d3 Bg7 6. Be2 Ne7 7. Bg5 f6 8. Bd2
Nbc6 9. Qc1 O-O 10. h4 Bg4 11. Ng1 Bxe2 12. Ngxe2 f5 13. f3 f4 14. Nd5 Nxd5 15.
exd5 Ne7 16. h5 gxh5 17. Rxh5 Qe8 18. Rh1 Qg6 19. Qc2 Qxg2 20. Rf1 Nf5 21. Rf2
Qh1+ 22. Rf1 Qh4+ 23. Kd1 Qh3 24. Ke1 Ng3 25. Nxg3 fxg3 26. Be3 g2 27. Rg1 Rxf3
28. Bxc5 Rf1+ 29. Kd2 dxc5 30. Kc3 e4+ 31. Kb3 Raf8 32. Ka4 Rxa1 33. Rxg2 Rxa2+
0-1

[Event "V Open Alta Padovana A"]
[Site "Loreggia ITA"]
[Date "2005.02.26"]
[Round "2"]
[White "Bonafede, Alessandro"]
[Black "Ricci, Alfredo"]
[Result "1/2-1/2"]
[WhiteElo "2089"]
[BlackElo "1981"]
[PlyCount "131"]
[EventDate "2005.02.25"]

1. e4 c5 2. Nf3 e6 3. d3 d5 4. Nbd2 Nc6 5. g3 Nf6 6. Bg2 Be7 7. O-O O-O 8. Re1
Qc7 9. e5 Nd7 10. Qe2 b6 11. Nf1 Bb7 12. h4 Rfe8 13. Bf4 Nd4 14. Nxd4 cxd4 15.
Nh2 Rac8 16. Rec1 Qc5 17. Bg5 Bf8 18. Nf3 Qb4 19. Bd2 Qxb2 20. a4 Rxc2 21. Rcb1
Rxd2 22. Nxd2 Qc3 23. Rc1 Qb2 24. Rcb1 Qc3 25. Nf3 Ba6 26. Bf1 Nc5 27. Ne1 Qa5
28. Qb2 Qc3 29. Qxc3 dxc3 30. d4 Bxf1 31. Kxf1 Ne4 32. Ke2 f6 33. Nd3 fxe5 34.
Nxe5 Bd6 35. Nd3 Rc8 36. a5 Bc7 37. Rc1 bxa5 38. Nc5 Bb6 39. Nxe4 dxe4 40. Ra4
Kf7 41. f3 exf3+ 42. Kxf3 Kf6 43. Ke4 h5 44. Kd3 Rd8 45. Rf1+ Ke7 46. Kxc3 Rd5
47. Rc4 Kd6 48. Rf7 g5 49. hxg5 Rxg5 50. Rf3 Rg7 51. Kd3 Kd7 52. Ke4 Bc7 53.
Rc5 Rg4+ 54. Kd3 Bb6 55. Rc4 Kd6 56. Re3 Rg5 57. Rc2 Rb5 58. Rce2 Rb3+ 59. Ke4
Rb4 60. Kf3 Rxd4 61. Rxe6+ Kc7 62. Re7+ Kc6 63. R7e6+ Kb7 64. R6e5 h4 65. gxh4
Rxh4 66. Re7+ 1/2-1/2

[Event "V Open Alta Padovana A"]
[Site "Loreggia ITA"]
[Date "2005.02.26"]
[Round "2"]
[White "Busi, Massimo"]
[Black "Rostolis, Riccardo"]
[Result "1-0"]
[WhiteElo "1820"]
[BlackElo "2010"]
[PlyCount "55"]
[EventDate "2005.02.25"]

1. e4 d5 2. e5 c5 3. f4 Nc6 4. Nf3 Bg4 5. Be2 e6 6. c3 Nge7 7. Na3 Nf5 8. Nc2
Bxf3 9. Bxf3 Qh4+ 10. g3 Nxg3 11. hxg3 Qxg3+ 12. Kf1 Qxf4 13. d4 Qg3 14. Be3
cxd4 15. cxd4 Rc8 16. Ke2 Nxe5 17. dxe5 Qxe5 18. Nd4 Bc5 19. Qa4+ Kf8 20. Rac1
Rc7 21. Kf2 b5 22. Qd1 a6 23. Qd2 Bd6 24. Ne2 Qf5 25. Rxc7 Bxc7 26. Qc3 Qe5 27.
Bd4 b4 28. Qxb4+ 1-0

[Event "V Open Alta Padovana A"]
[Site "Loreggia ITA"]
[Date "2005.02.26"]
[Round "2"]
[White "Cecchetto, Vanni"]
[Black "Pomaro, Alberto"]
[Result "1-0"]
[WhiteElo "1989"]
[BlackElo "1757"]
[PlyCount "49"]
[EventDate "2005.02.25"]

1. Nf3 Nf6 2. c4 g6 3. Nc3 Bg7 4. e4 d6 5. d4 Nbd7 6. Be2 O-O 7. O-O e5 8. d5
Nc5 9. Qc2 a5 10. b3 Nh5 11. Re1 Nf4 12. Bxf4 exf4 13. Rad1 f5 14. exf5 Bxf5
15. Qc1 Qf6 16. Nb5 Qd8 17. Nfd4 Bd7 18. Bf3 Be5 19. Ne6 Nxe6 20. dxe6 Bc6 21.
Rxe5 Qh4 22. e7 Bxf3 23. exf8=Q+ Rxf8 24. gxf3 dxe5 25. Qd2 1-0

[Event "V Open Alta Padovana A"]
[Site "Loreggia ITA"]
[Date "2005.02.26"]
[Round "2"]
[White "Dallaglio, Giovanni"]
[Black "Molina, Fabrizio"]
[Result "1/2-1/2"]
[WhiteElo "2028"]
[BlackElo "2276"]
[PlyCount "98"]
[EventDate "2005.02.25"]

1. d4 d5 2. Nf3 e6 3. c4 c5 4. e3 Nc6 5. Nc3 Nf6 6. a3 a6 7. cxd5 exd5 8. Be2
Bd6 9. O-O c4 10. b4 b5 11. Qc2 Qe7 12. Rd1 O-O 13. Bb2 Bd7 14. Ne5 Nxe5 15.
dxe5 Qxe5 16. g3 Qe6 17. Bf3 Bc6 18. Ne2 Be5 19. Nd4 Bxd4 20. Bxd4 Ne4 21. Bxe4
dxe4 22. Qc3 f6 23. Bc5 Rfd8 24. Rd4 Be8 25. Rad1 Rdc8 26. Qc2 Bh5 27. R1d2 Bf3
28. Qc1 Re8 29. Rd6 Qf5 30. R2d5 Re5 31. Rd8+ Rxd8 32. Rxd8+ Kf7 33. Bd4 Re6
34. Rd7+ Kg6 35. Rc7 Rd6 36. Rc5 Rd5 37. Rxd5 Qxd5 38. h3 Qf5 39. Kh2 Be2 40.
Qg1 Qf3 41. g4 Kf7 42. Qg3 Ke6 43. Qxf3 Bxf3 44. Kg3 Kd5 45. Bc3 Ke6 46. h4 Kd5
47. Kf4 Ke6 48. Bd4 g6 49. Bc3 h6 1/2-1/2

[Event "V Open Alta Padovana A"]
[Site "Loreggia ITA"]
[Date "2005.02.26"]
[Round "2"]
[White "Drezzadore, Dario"]
[Black "Annoni, Riccardo"]
[Result "1/2-1/2"]
[WhiteElo "1963"]
[BlackElo "2071"]
[PlyCount "60"]
[EventDate "2005.02.25"]

1. e4 c5 2. d4 cxd4 3. c3 Nf6 4. e5 Nd5 5. cxd4 e6 6. Nf3 b6 7. Bd3 Bb7 8. O-O
d6 9. Nc3 Nxc3 10. bxc3 Qc7 11. Bd2 Nd7 12. Re1 dxe5 13. Nxe5 Nxe5 14. Rxe5 Bd6
15. Rh5 g6 16. Rh3 O-O-O 17. c4 Qc6 18. Bf1 Qe4 19. Be3 Be5 20. Qa4 Bxd4 21.
Re1 Kb8 22. Rf3 Bxe3 23. Rexe3 Qb1 24. Rb3 Qa1 25. Rfd3 Qe5 26. Rb5 Qe1 27.
Rbb3 Qe5 28. Ra3 Rxd3 29. Qxa7+ Kc7 30. Rxd3 Qa5 1/2-1/2

[Event "V Open Alta Padovana A"]
[Site "Loreggia ITA"]
[Date "2005.02.26"]
[Round "2"]
[White "Dvirnyy, Danyyil"]
[Black "Boanta, Sandu"]
[Result "1-0"]
[WhiteElo "2098"]
[BlackElo "1826"]
[PlyCount "101"]
[EventDate "2005.02.25"]

1. e4 e5 2. Nf3 Nc6 3. d4 exd4 4. Bc4 Be7 5. c3 d3 6. Qxd3 d6 7. Bf4 Be6 8.
Nbd2 Nf6 9. O-O Bxc4 10. Nxc4 Nh5 11. Be3 O-O 12. Rad1 Qc8 13. Nd4 Ne5 14. Nxe5
dxe5 15. Nf5 Qe8 16. Qd7 Bd8 17. Qd5 c6 18. Qd7 b6 19. Qb7 Bf6 20. Rd6 Nf4 21.
Bxf4 exf4 22. Qxc6 Qxc6 23. Rxc6 Rfd8 24. Nd6 Be5 25. Nc4 f6 26. a4 Kf7 27. Rc1
Rd7 28. Kf1 Rad8 29. Ke1 Re7 30. f3 g6 31. Rd1 Red7 32. Rxd7+ Rxd7 33. Ke2 Bb8
34. b4 Ke7 35. b5 Rc7 36. Rxc7+ Bxc7 37. Kd3 Ke6 38. Nd2 h5 39. Nb3 Be5 40.
Nd4+ Bxd4 41. cxd4 g5 42. h3 Kd6 43. Kc4 Ke6 44. d5+ Ke7 45. Kd3 Kd7 46. h4 Kd6
47. hxg5 fxg5 48. Kd4 h4 49. e5+ Kc7 50. Ke4 a6 51. bxa6 1-0

[Event "V Open Alta Padovana A"]
[Site "Loreggia ITA"]
[Date "2005.02.26"]
[Round "2"]
[White "Garofalo, Sergio"]
[Black "Fragni, Enrico"]
[Result "1-0"]
[WhiteElo "2005"]
[BlackElo "1898"]
[PlyCount "45"]
[EventDate "2005.02.25"]

1. d4 c6 2. e4 d6 3. Be3 Qc7 4. Bc4 e6 5. Qd2 Nf6 6. f3 d5 7. Bd3 e5 8. dxe5
Qxe5 9. Ne2 Qc7 10. Nbc3 Bb4 11. a3 Bd6 12. exd5 cxd5 13. Nb5 Qd8 14. Nxd6+
Qxd6 15. Qc3 Nbd7 16. Nd4 O-O 17. O-O Ne5 18. Nb5 Qe7 19. Bc5 Qe8 20. Nc7 Qc6
21. Nxa8 Nxd3 22. Bxf8 Nf4 23. Qxc6 1-0

[Event "V Open Alta Padovana A"]
[Site "Loreggia ITA"]
[Date "2005.02.26"]
[Round "2"]
[White "Gennari, Leone"]
[Black "Roberti, Ignazio"]
[Result "1/2-1/2"]
[WhiteElo "2053"]
[BlackElo "1975"]
[PlyCount "72"]
[EventDate "2005.02.25"]

1. d4 Nf6 2. c4 e6 3. Nf3 b6 4. g3 Ba6 5. e3 c6 6. Nbd2 d5 7. Qc2 Nbd7 8. cxd5
Bxf1 9. dxe6 Ba6 10. exd7+ Qxd7 11. Ne5 Qc7 12. f3 Rc8 13. Kf2 Bd6 14. Ndc4 O-O
15. Nxd6 Qxd6 16. Nc4 Qd5 17. b3 Ng4+ 18. Kg2 f5 19. h3 Nf6 20. Ba3 Rfd8 21.
Rhd1 Bb7 22. Qe2 Qe6 23. Rac1 Rd5 24. Rc2 Rcd8 25. Rdc1 Re8 26. Qf2 Bc8 27. Rh1
Nh5 28. Bb2 g5 29. g4 Ng7 30. b4 Ba6 31. Ne5 c5 32. bxc5 bxc5 33. Rxc5 Rxc5 34.
dxc5 Qd5 35. Qg3 Qd2+ 36. Qf2 Qd5 1/2-1/2